[Event "Charleroi op"]
[Site "Charleroi"]
[Date "2012.08.01"]
[Round "6"]
[White "Le Quang, Kim"]
[Black "Baguet, Frederic"]
[Result "1/2-1/2"]
[WhiteElo "2282"]
[BlackElo "2037"]
[PlyCount "110"]
[EventDate "2012.07.28"]
[EventType "swiss"]
[EventRounds "9"]
[EventCountry "BEL"]
[SourceTitle "CBM 149 Extra"]
[Source "ChessBase"]
[SourceDate "2012.08.24"]
[SourceVersion "1"]
[SourceVersionDate "2012.08.24"]
[SourceQuality "1"]

1. c4 Nf6 2. g3 c6 3. Bg2 d5 4. Nf3 Bg4 5. Ne5 Be6 6. cxd5 Bxd5 7. Nf3 e6 8. Nc3 Bxf3 9. Bxf3 Nbd7 10. d4 Bd6 11. 0-0 0-0 12. e4 e5 13. d5 Qc7 14. Be3 Bc5 15. Bxc5 Nxc5 16. b4 Ncd7 17. Rc1 cxd5 18. Nxd5 Qd6 19. Nxf6+ Qxf6 20. Rc7 Rad8 21. Rxd7 Rxd7 22. Qxd7 Qxf3 23. Qxb7 Qa3 24. Qd5 Qxb4 25. Qxe5 Qa4 26. Qd5 g6 27. Rc1 a6 28. Kg2 Re8 29. e5 Re6 30. f4 Qb5 31. Qxb5 axb5 32. Kf3 Ra6 33. Rc2 Ra4 34. Ke3 h5 35. Kd3 h4 36. Kc3 hxg3 37. hxg3 g5 38. fxg5 Re4 39. Kb3 Rxe5 40. Kb4 Rxg5 41. Rc5 Rxg3 42. Rxb5 Kg7 43. a4 Rg4+ 44. Ka5 Re4 45. Rc5 Kg6 46. Kb5 Re1 47. a5 Rb1+ 48. Kc6 f5 49. a6 Ra1 50. Kb6 f4 51. a7 f3 52. Rc1 Ra2 53. Rc2 Ra1 54. Rb2 Kg5 55. Kb7 Kg4 1/2-1/2

[Event "Charleroi op"]
[Site "Charleroi"]
[Date "2010.08.05"]
[Round "7"]
[White "Baguet, Frederic"]
[Black "Houriez, Clement"]
[Result "0-1"]
[WhiteElo "2017"]
[BlackElo "2259"]
[PlyCount "96"]
[EventDate "2010.07.31"]
[EventType "swiss"]
[EventRounds "9"]
[EventCountry "BEL"]
[SourceTitle "CBM 137 Extra"]
[Source "ChessBase"]
[SourceDate "2010.09.01"]
[SourceVersion "1"]
[SourceVersionDate "2010.09.01"]
[SourceQuality "1"]

1. d4 Nf6 2. Nc3 d5 3. e4 Nxe4 4. Nxe4 dxe4 5. Bc4 Nc6 6. c3 e5 7. d5 Nb8 8. Qh5 Bd6 9. f3 0-0 10. fxe4 f5 11. Bg5 Qe8 12. Qxe8 Rxe8 13. exf5 Bxf5 14. Nf3 h6 15. Be3 Nd7 16. 0-0 Bh7 17. Bb5 Re7 18. Rad1 a6 19. Be2 Rf7 20. Nd2 Rxf1+ 21. Rxf1 b5 22. Bg4 Nc5 23. b4 Na4 24. Be6+ Kh8 25. Rc1 Nb2 26. a3 Bd3 27. g3 a5 28. Bf2 axb4 29. axb4 Ra4 30. Nb3 Bc4 31. Na5 Bd3 32. Nb3 Ra2 33. Nc5 Bc4 34. Rc2 Ra1+ 35. Kg2 Bf1+ 36. Kf3 Nc4 37. Nb3 Ra3 38. Nc5 Ra1 39. Nb3 Rd1 40. Kg4 e4 41. Bd4 e3 42. Ra2 Kh7 43. Ra8 Ne5+ 44. Bxe5 Bxe5 45. Kf5 Bd3+ 46. Kxe5 e2 47. Bg8+ Kg6 48. Kf4 Rf1+ 0-1

[Event "Geraardsbergen op 25th"]
[Site "Geraardsbergen"]
[Date "2009.08.15"]
[Round "7"]
[White "Jans, Michael"]
[Black "Baguet, Frederic"]
[Result "0-1"]
[WhiteElo "2162"]
[BlackElo "1995"]
[PlyCount "112"]
[EventDate "2009.08.12"]
[EventType "swiss"]
[EventRounds "9"]
[EventCountry "BEL"]
[SourceTitle "CBM 132 Extra"]
[Source "ChessBase"]
[SourceDate "2009.11.03"]
[SourceVersion "1"]
[SourceVersionDate "2009.11.03"]
[SourceQuality "1"]

1. e4 d5 2. exd5 Qxd5 3. Nc3 Qa5 4. d4 Nf6 5. Bd2 c6 6. Nf3 Bf5 7. Bc4 e6 8. 0-0 Nbd7 9. Re1 Qc7 10. Qe2 0-0-0 11. Ng5 Nb6 12. Bb3 h6 13. Nf3 Bg4 14. h3 Bxf3 15. Qxf3 Rxd4 16. Be3 Rd7 17. Rad1 Nfd5 18. Nxd5 exd5 19. Bd4 f6 20. c3 Bd6 21. Bc2 Kb8 22. b3 Re7 23. Bg6 Nd7 24. Rxe7 Bxe7 25. Qe3 Nb6 26. Re1 Bd6 27. Qe6 Rd8 28. a4 Nd7 29. Bf5 Be5 30. Qe7 c5 31. Bxe5 Nxe5 32. Qe6 Qd6 33. Qxd6+ Rxd6 34. f4 Nc6 35. Re8+ Rd8 36. Re3 d4 37. cxd4 cxd4 38. Rg3 g5 39. fxg5 fxg5 40. Rd3 Kc7 41. Kf2 Rf8 42. g4 Ne7 43. Rxd4 Nxf5 44. gxf5 Rxf5+ 45. Kg3 h5 46. Re4 Kd6 47. Rc4 Rc5 48. Rb4 b6 49. Rd4+ Ke5 50. Rd3 Rd5 51. Re3+ Kf5 52. Rf3+ Ke4 53. Rf7 Rd3+ 54. Kg2 a5 55. Re7+ Kf5 56. Rf7+ Kg6 0-1

[Event "Hainaut-ch"]
[Site "Manage"]
[Date "2008.08.23"]
[Round "4.8"]
[White "Baguet, Frederic"]
[Black "Barbier, Wiebke"]
[Result "1-0"]
[WhiteElo "1923"]
[BlackElo "1636"]
[PlyCount "47"]
[EventDate "2008.08.23"]
[EventType "swiss"]
[EventRounds "9"]
[EventCountry "BEL"]
[SourceTitle "EXT 2024"]
[Source "ChessBase"]
[SourceDate "2023.10.10"]
[SourceVersion "1"]
[SourceVersionDate "2023.10.10"]
[SourceQuality "1"]

1. d4 d5 2. e4 e6 3. Be3 c5 4. dxc5 Bxc5 5. Bxc5 Qa5+ 6. Nc3 Qxc5 7. exd5 Nf6 8. Bb5+ Kf8 9. dxe6 Qe7 10. Qe2 Bxe6 11. Nf3 a6 12. Bd3 Nc6 13. a3 Re8 14. 0-0 Qc7 15. Qd2 Bg4 16. Rae1 Rd8 17. Qe3 Re8 18. Qc5+ Kg8 19. Rxe8+ Nxe8 20. Nd5 Qd8 21. Nd4 Nxd4 22. Ne7+ Kf8 23. Ng6+ Kg8 24. Qf8# 1-0

[Event "Charleroi TIPC op"]
[Site "Charleroi"]
[Date "2008.07.28"]
[Round "3"]
[White "Sarrau, Jelle"]
[Black "Baguet, Frederic"]
[Result "1/2-1/2"]
[WhiteElo "2203"]
[BlackElo "1991"]
[PlyCount "33"]
[EventDate "2008.07.26"]
[EventType "swiss"]
[EventRounds "9"]
[EventCountry "BEL"]
[SourceTitle "EXT 2009"]
[Source "ChessBase"]
[SourceDate "2008.11.26"]
[SourceVersion "1"]
[SourceVersionDate "2008.11.26"]
[SourceQuality "1"]

1. e4 d5 2. exd5 Qxd5 3. Nc3 Qa5 4. d4 Nf6 5. Nf3 c6 6. Bd2 Bf5 7. Ne4 Qc7 8. Nxf6+ gxf6 9. g3 e6 10. Nh4 Bg6 11. Bc4 Nd7 12. Bb3 Qb6 13. Bc3 0-0-0 14. Qd2 Qb5 15. 0-0-0 Qa6 16. Kb1 Nc5 17. Qe3 1/2-1/2